000 00317nam a22001337a 4500
008 170615b xxu||||| |||| 00| 0 eng d
020 _a9780582090972
041 _aeng
080 _23 ED
_a32
100 _a19
101 _aSHP
245 _aTHE DEVELOPING BRITISH POLITICAL SYSTEMS
_cBUDGE.I
942 _2udc
_cBK
999 _c17465
_d17465